Análisis del sistema de fondos de pensiones : (Registro nro. 6051)

Detalles MARC
000 -LEADER
fixed length control field 01052nam a2200265Ia 4500
003 - CONTROL NUMBER IDENTIFIER
control field OSt
005 - DATE AND TIME OF LATEST TRANSACTION
control field 20200821140504.0
008 - FIXED-LENGTH DATA ELEMENTS--GENERAL INFORMATION
fixed length control field 191128s1995 cl gr 000 0dspa d
020 ## - INTERNATIONAL STANDARD BOOK NUMBER
International Standard Book Number 9561011077
040 ## - CATALOGING SOURCE
Original cataloging agency Co-JMCR
Transcribing agency Co-JMCR
041 0# - LANGUAGE CODE
Language code of text/sound track or separate title spa
082 04 - DEWEY DECIMAL CLASSIFICATION NUMBER
Classification number 368.4083 /
Item number M371a
Edition number 23
100 1# - MAIN ENTRY--PERSONAL NAME
Personal name Miranda Salas, Eduardo,
Relator term autor
9 (RLIN) 9066
245 10 - TITLE STATEMENT
Title Análisis del sistema de fondos de pensiones :
Remainder of title perspectivas e interrogantes /
Statement of responsibility, etc. Eduardo Miranda Salas, Eduardo Rodríguez Silva
250 ## - EDITION STATEMENT
Edition statement Primera edición
260 ## - PUBLICATION, DISTRIBUTION, ETC.
Place of publication, distribution, etc. Santiago de Chile :
Name of publisher, distributor, etc. Editorial Jurídica de Chile,
Date of publication, distribution, etc. 1995.
300 ## - PHYSICAL DESCRIPTION
Extent 165 páginas ;
Dimensions 23 cm.
500 ## - GENERAL NOTE
General note Incluye datos biográficos del los autores en solapa frontal.
504 ## - BIBLIOGRAPHY, ETC. NOTE
Bibliography, etc. note Bibliografía : páginas 161-162.
505 0# - FORMATTED CONTENTS NOTE
Formatted contents note Protyección del sistemas El modelo operacional -- Análisis socioprevisional -- Análisis financiero -- El afiliado ante el sisitema
650 24 - SUBJECT ADDED ENTRY--TOPICAL TERM
Topical term or geographic name entry element Fondos de pensiones
9 (RLIN) 5934
650 24 - SUBJECT ADDED ENTRY--TOPICAL TERM
Topical term or geographic name entry element Pensiones
9 (RLIN) 9067
700 ## - ADDED ENTRY--PERSONAL NAME
Personal name Rodríguez Silva, Eduardo,
Relator term autor
9 (RLIN) 9068
942 ## - ADDED ENTRY ELEMENTS (KOHA)
Source of classification or shelving scheme Dewey Decimal Classification
Koha item type Books
Existencias
Withdrawn status Lost status Source of classification or shelving scheme Materials specified (bound volume or other part) Damaged status Not for loan Home library Current library Shelving location Date acquired Source of acquisition Full call number Barcode Date last seen Copy number Price effective from Koha item type
    Dewey Decimal Classification Donación--15/04/2018--     Biblioteca Pública José María del Castillo y Rada Biblioteca Pública José María del Castillo y Rada General Stacks 11/28/2019 Donación 368.4083 / M371a 430011562 05/16/2024 Ej.1 11/28/2019 Books